[Event "TUR-chT Clubs"]
[Site "Konya"]
[Date "2019.07.19"]
[Round "6.5"]
[White "Ozturk, Nil"]
[Black "Dogan, Eylem Su"]
[Result "0-1"]
[WhiteElo "1345"]
[BlackElo "1285"]
[PlyCount "66"]
[EventDate "2019.07.16"]
[EventType "team-swiss"]
[EventRounds "9"]
[EventCountry "TUR"]
[SourceTitle "CBM 191 Extra"]
[Source "ChessBase"]
[SourceDate "2019.09.30"]
[SourceVersion "1"]
[SourceVersionDate "2019.09.30"]
[SourceQuality "1"]
[WhiteTeam "Canakkale Doruk"]
[BlackTeam "Nazilli Belediyesi"]
[WhiteTeamCountry "TUR"]
[BlackTeamCountry "TUR"]

1. e4 c5 2. Nf3 Nc6 3. Bb5 Nf6 4. e5 Nd5 5. 0-0 g6 6. Re1 Bg7 7. c3 0-0 8. d4 cxd4 9. cxd4 Qb6 10. Bc4 Nc7 11. Nc3 Qb4 12. Qb3 Qxb3 13. Bxb3 d6 14. h3 dxe5 15. dxe5 Be6 16. Bf4 Bxb3 17. axb3 Ne6 18. Bg3 Ned4 19. Nxd4 Nxd4 20. Rad1 Rfd8 21. b4 Rd7 22. e6 fxe6 23. Rxe6 Rad8 24. Ree1 Kf8 25. Kf1 Nc2 26. Rxd7 Rxd7 27. Re4 Rd4 28. Rxd4 Nxd4 29. Bb8 Nc6 30. Bf4 Nxb4 31. Ke2 Ke8 32. Kd2 Kd7 33. b3 Bxc3+ 0-1

[Event "TUR-chT2"]
[Site "Konya"]
[Date "2017.07.12"]
[Round "6.16"]
[White "Tigtepe, Elif Nur"]
[Black "Ozturk, Nil"]
[Result "0-1"]
[WhiteElo "1450"]
[BlackElo "1270"]
[PlyCount "101"]
[EventDate "2017.07.09"]
[EventType "team-swiss"]
[EventRounds "9"]
[EventCountry "TUR"]
[SourceTitle "CBM 179 Extra"]
[Source "ChessBase"]
[SourceDate "2017.08.23"]
[SourceVersion "1"]
[SourceVersionDate "2017.08.23"]
[SourceQuality "1"]
[WhiteTeam "Ataturk Univ"]
[BlackTeam "Canakkale 1915"]
[WhiteTeamCountry "TUR"]
[BlackTeamCountry "TUR"]

1. e4 e5 2. Nf3 Nc6 3. Bc4 Be7 4. 0-0 Nf6 5. d3 0-0 6. Nc3 d6 7. Nd5 Nxd5 8. Bxd5 Bf6 9. Be3 a6 10. Qd2 h6 11. c3 Ne7 12. Bb3 b5 13. d4 exd4 14. Bxd4 Bxd4 15. cxd4 c5 16. d5 Ng6 17. Bc2 Re8 18. Rfe1 Qf6 19. Qc3 Qxc3 20. bxc3 Ra7 21. Nd2 Rae7 22. f3 Bb7 23. Re3 Bxd5 24. Kf2 Bb7 25. Rae1 Re6 26. Nf1 Ne5 27. Nd2 Rf6 28. Kg1 c4 29. Nf1 Kf8 30. Ng3 Rfe6 31. Rd1 Rd8 32. Nf5 Ng6 33. Kf2 Ne7 34. Ng3 Nc6 35. f4 g6 36. f5 gxf5 37. Nxf5 Ne7 38. Ng3 Rf6+ 39. Kg1 Re6 40. Re2 Ng6 41. Nf5 Ne5 42. Red2 Rg6 43. Kh1 Ng4 44. h3 Ne5 45. Nxd6 Rb8 46. Nxb7 Rxb7 47. Rf2 Kg7 48. Rd8 Re7 49. Rd5 Ree6 50. Rf5 Nd3 51. Rd7 0-1

[Event "TUR-chT2"]
[Site "Konya"]
[Date "2017.07.10"]
[Round "3.15"]
[White "Ozturk, Nil"]
[Black "Duman, Sena"]
[Result "1-0"]
[WhiteElo "1270"]
[BlackElo "1488"]
[PlyCount "73"]
[EventDate "2017.07.09"]
[EventType "team-swiss"]
[EventRounds "9"]
[EventCountry "TUR"]
[SourceTitle "CBM 179 Extra"]
[Source "ChessBase"]
[SourceDate "2017.08.23"]
[SourceVersion "1"]
[SourceVersionDate "2017.08.23"]
[SourceQuality "1"]
[WhiteTeam "Canakkale 1915"]
[BlackTeam "Derince Turgut"]
[WhiteTeamCountry "TUR"]
[BlackTeamCountry "TUR"]

1. e4 e6 2. d4 d5 3. exd5 exd5 4. Bd3 Bd6 5. c3 Nf6 6. Nf3 0-0 7. 0-0 Bg4 8. Bg5 Nbd7 9. Re1 c6 10. Nbd2 Qc7 11. h3 Bh5 12. Qc2 Rfe8 13. b3 Bg6 14. Bxg6 hxg6 15. c4 c5 16. Bxf6 Nxf6 17. Rxe8+ Rxe8 18. Rc1 Bf4 19. Kf1 Ne4 20. cxd5 Nxd2+ 21. Nxd2 Bxd2 22. Qxd2 Qh2 23. f3 cxd4 24. Qxd4 Qd6 25. Kf2 Rd8 26. Rd1 b6 27. Rd2 f6 28. Re2 Qd7 29. d6 Kf8 30. Rd2 Rc8 31. Re2 Re8 32. Rd2 Rc8 33. g4 Rd8 34. Qd5 Rc8 35. Re2 Rd8 36. Re7 Qxd6 37. Qf7# 1-0

[Event "TUR-chT2"]
[Site "Konya"]
[Date "2017.07.09"]
[Round "1.9"]
[White "Ozturk, Nil"]
[Black "Demirci, Husnegul"]
[Result "0-1"]
[WhiteElo "1270"]
[BlackElo "1180"]
[PlyCount "85"]
[EventDate "2017.07.09"]
[EventType "team-swiss"]
[EventRounds "9"]
[EventCountry "TUR"]
[SourceTitle "CBM 179 Extra"]
[Source "ChessBase"]
[SourceDate "2017.08.23"]
[SourceVersion "1"]
[SourceVersionDate "2017.08.23"]
[SourceQuality "1"]
[WhiteTeam "Canakkale 1915"]
[BlackTeam "Dobruca"]
[WhiteTeamCountry "TUR"]
[BlackTeamCountry "TUR"]

1. e4 e5 2. Nf3 Nc6 3. Nc3 Nf6 4. Bb5 d6 5. d4 exd4 6. Qxd4 Bd7 7. Bxc6 Bxc6 8. Bg5 Be7 9. 0-0-0 h6 10. Bh4 0-0 11. e5 Nh7 12. Bxe7 Qxe7 13. exd6 cxd6 14. Qxd6 Qxd6 15. Rxd6 Bxf3 16. gxf3 Ng5 17. Rd3 Rad8 18. Re3 Rfe8 19. Ne4 Nh3 20. Rhe1 Kf8 21. a3 Nf4 22. Rb3 f5 23. Rb5 g6 24. Rxb7 fxe4 25. fxe4 Re7 26. Rb3 Rc7 27. Rf3 g5 28. h4 Ke7 29. Kb1 Ng2 30. Rg1 Nxh4 31. Rh3 Rcd7 32. f4 Rd1+ 33. Rxd1 Rxd1+ 34. Ka2 Re1 35. fxg5 hxg5 36. Rg3 Kf6 37. Rg4 Nf3 38. b4 Ne5 39. Rg2 Rxe4 40. Kb3 g4 41. c3 Ke6 42. Rg3 Kd6 43. Rd3+ 0-1